| 000 | 01202cam a2200325 a 4500 | ||
|---|---|---|---|
| 999 |
_c478294 _d478294 |
||
| 001 | 16198942 | ||
| 003 | NUST | ||
| 005 | 20180520125929.0 | ||
| 008 | 100422s2011 njua b 001 0 eng | ||
| 010 | _a 2010014005 | ||
| 015 |
_aGBB0A7599 _2bnb |
||
| 016 | 7 |
_a015644213 _2Uk |
|
| 020 | _a9780691140568 (hardback : alk. paper) | ||
| 020 | _a0691140561 (hardback : alk. paper) | ||
| 035 | _a(OCoLC)ocn587249002 | ||
| 040 |
_aDLC _cDLC _dYDX _dBTCTA _dYDXCP _dUKM _dCDX _dBWX _dDLC |
||
| 050 | 0 | 0 |
_aQC446.2 _b.B45 2011 |
| 082 | 0 | 0 |
_a535/.15 _222 |
| 100 | 1 |
_aBerman, Paul R., _d1945- _910311 |
|
| 245 | 1 | 0 |
_aPrinciples of laser spectroscopy and quantum optics / _cPaul R. Berman, Vladimir S. Malinovsky. |
| 260 |
_aPrinceton, N.J. : _bPrinceton University Press, _cc2011. |
||
| 300 |
_axvi, 519 p. : _bill. ; _c27 cm. |
||
| 504 | _aIncludes bibliographical references and index. | ||
| 650 | 0 |
_aQuantum optics. _910312 |
|
| 650 | 0 |
_aLaser spectroscopy. _910313 |
|
| 700 | 1 |
_aMalinovsky, Vladimir S., _d1962- _910314 |
|
| 906 |
_a7 _bcbc _corignew _d1 _eecip _f20 _gy-gencatlg |
||
| 942 |
_2ddc _cBK |
||